| 000 | 01461nam a22002417a 4500 | ||
|---|---|---|---|
| 003 | Uzh_bibl | ||
| 008 | 260417b |||||||| |||| 00| 0 ukr d | ||
| 020 |
_a978-966-02-4443-6 _c5.75 |
||
| 040 | _bукр. | ||
| 041 |
_2ukr _aukr |
||
| 080 | _a94(477) | ||
| 090 |
_a94(477) _bБ 87 |
||
| 100 | _aБрехуненко,Віктор | ||
| 245 |
_aБогдан Хмельницький _hТекст |
||
| 260 |
_aКиїв _c2007 |
||
| 300 | _a72 с. | ||
| 520 | _aУ книзі в науково-популярному стилі розповідається про славетного українського гетьмана Богдана Хмельницького. Простежено його життєвий шлях, роль в організації української Національно-визвольної війни середини XVII ст. та у створенні Української козацької держави. Відображено його таланти полководця, дипломата, державного діяча. Для всіх, хто цікавиться української історією. | ||
| 521 | _aДля широкого кола читачів | ||
| 546 | _aукр. | ||
| 650 |
_aНауково-популярне видання _vІсторія України |
||
| 653 |
_aГетьман _aКозацька держава _aВизвольна війна |
||
| 942 |
_2udc _cBK |
||
| 999 |
_c17382 _d17382 |
||